logo

Bir Sreshtho Munshi Abdur Rouf Library
Jhenaidah Cadet College

The Gorgon's Head : (Record no. 6402)

MARC details
000 -LEADER
fixed length control field 00575nam a2200217 a 4500
001 - CONTROL NUMBER
JCCL Control Number 6402
003 - CONTROL NUMBER IDENTIFIER
JCCL marc code BD-JhCC
005 - DATE AND TIME OF LATEST TRANSACTION
control field 20180217185351.0
008 - FIXED-LENGTH DATA ELEMENTS--GENERAL INFORMATION
fixed length control field 180122s1961 uk |||| |||| 000 0 eng d
035 ## - SYSTEM CONTROL NUMBER
system control number (BD-JhCC)
040 ## - CATALOGING SOURCE
Original cataloging agency BD-JhCC
Modifying agency BD-JhCC
041 ## - LANGUAGE CODE
Language code of Book eng
082 ## - DEWEY DECIMAL CLASSIFICATION NUMBER
Classification number 398.2
Author mark and Year STO 1961
100 ## - MAIN ENTRY--PERSONAL NAME
Personal name Serraillier, Ian
245 ## - TITLE STATEMENT
Title The Gorgon's Head :
Remainder of title the story of Perseus /
Statement of responsibility, etc Ian Serraillier, William Stobbs
260 ## - PUBLICATION, DISTRIBUTION, ETC. (IMPRINT)
Place of publication, distribution, etc London:
Name of publisher, distributor, etc Oxford University Press;
Date of publication, distribution, etc 1961
300 ## - PHYSICAL DESCRIPTION
Pagination 70 p;,
Dimensions 22 cm
650 ## - SUBJECT ADDED ENTRY--TOPICAL TERM
Topical term or geographic name as entry element Persevs
700 ## - ADDED ENTRY--PERSONAL NAME
Personal name Stobbs, William
942 ## - ADDED ENTRY ELEMENTS (KOHA)
Source of classification or shelving scheme Dewey Decimal Classification
Koha item type Books
Holdings
Source of classification or shelving scheme Damaged status Not for loan Home library Current library Shelving location Date of accession Total Checkouts Full call number Barcode Date last seen Copy number Koha item type
Dewey Decimal Classification     JCC Rouf Library JCC Rouf Library General Stacks 01/22/2018   398.2 STO 1961 8452 01/22/2018 C-1 Books

JCC Library | Contacts | JCC Home

Last Update on 23 September 2017
Copyright @ 2017-2020 JCC Rouf Library
Rouf Library, Jhenidah Cadet College (JCC), Bangladesh